Controles y lm̕ites de la incapacidad temporal

Bibliographic Details
Main Author: Legarreta, Ricardo Esteban
Format: eBook
Language:Spanish
Published: Albacete: Editorial Bomarzo, 2019
Subjects:
Online Access:Acceso restringido

MARC

LEADER 00000nam a22000007a 4500
005 20200303220032.0
007 cr|||| ||||
008 200303s2019 es |||||s|||| 00||0 spa d
020 |a 978-84-17310-68-4 
035 |a 31036 
040 |a vLex 
090 |c 10167  |d 10167 
100 1 |a Legarreta, Ricardo Esteban 
245 1 0 |a Controles y lm̕ites de la incapacidad temporal  |h [Recurso electrn̤ico] /  |c Ricardo Esteban Legarreta 
256 |a Servicio en ln̕ea” 
260 |a Albacete:  |b Editorial Bomarzo,  |c 2019 
300 |a 1 recurso electrn̤ico 
506 1 |a Disponible solo en los productos indicados  |d vLex Global  |d vLex Global (Academic Edition, excluding Law Schools)  |d vLex Global (U.S. Academic Edition, Law Schools)  |d vLex Global (U.S. Academic Edition, excluding Law Schools)  |d vLex Global (Academic Edition, Law Schools) 
650 0 4 |a Derecho Laboral y Seguridad Social  |z Espaą 
740 0 |a vLex Libros (Servicio en ln̕ea) 
856 4 0 |u http://vlex.com/source/controles-limites-incapacidad-temporal-31036  |z Acceso restringido 
942 |c BOOK 
999 0 |a Labor law and social security